000 00534nam a22001817a 4500
005 20170517121839.0
010 _aENG-118203
020 _a9789384275327
_c995.00
035 _aEN-101735
037 _bDBAD/PUB
082 _a401.0954
100 _aDeswal, Jyoti
245 _a Linguistics in north east india/
_cby Jyoti Deswal
260 _aIndia
_bNE BOOKS AND PUBLISHERS
_c2017
270 _aNational Highway Silchar- 788005 Assam, India
300 _a200p.
_c24cm. (Hb)
942 _2ddc
_cEN
_h401.0954
_mDES
999 _c140011
_d140011